000 00314nam a22001337a 4500
008 170615b xxu||||| |||| 00| 0 eng d
020 _a280810758
041 _aeng
080 _a32
100 _a19
101 _aSHP
245 _aGLOBAL GOVERNANCE AND THE UNITED NATIONS SYSTEM
_cRITTBERGER,V
942 _2udc
_cBK
999 _c17594
_d17594